Welcome to CU Library Online Public Access Catalogue (OPAC)

Company Law / (Record no. 4531)

MARC details
000 -LEADER
fixed length control field 00484nam a22001817a 4500
005 - DATE AND TIME OF LATEST TRANSACTION
control field 20250305203944.0
008 - FIXED-LENGTH DATA ELEMENTS--GENERAL INFORMATION
fixed length control field 250305b |||||||| |||| 00| 0 eng d
020 ## - INTERNATIONAL STANDARD BOOK NUMBER
International Standard Book Number 9780230018778
050 ## - LIBRARY OF CONGRESS CALL NUMBER
Classification number KD2071
Item number .4 2007
100 ## - MAIN ENTRY--PERSONAL NAME
Personal name Dine, Janet
245 ## - TITLE STATEMENT
Title Company Law /
Statement of responsibility, etc. Dine, Janet
250 ## - EDITION STATEMENT
Edition statement 6th ed.
260 ## - PUBLICATION, DISTRIBUTION, ETC.
Place of publication, distribution, etc. New York
Name of publisher, distributor, etc. Palgrave Macmillan
Date of publication, distribution, etc. c2007
300 ## - PHYSICAL DESCRIPTION
Extent xlii, 374 p, ;
500 ## - GENERAL NOTE
General note Includes bibliography and index.
700 ## - ADDED ENTRY--PERSONAL NAME
Personal name Koutsias, Marios
942 ## - ADDED ENTRY ELEMENTS (KOHA)
Source of classification or shelving scheme Library of Congress Classification
Koha item type Books
Suppress in OPAC No
999 ## -
-- 4531
-- 4531
Holdings
Withdrawn status Lost status Source of classification or shelving scheme Damaged status Not for loan Collection Home library Current library Shelving location Date acquired Total checkouts Full call number Barcode Date last seen Copy number Price effective from Koha item type
    Library of Congress Classification     Non-fiction Law Library (Christ Temple) Law Library (Christ Temple) General stacks 03/05/2025   KD2071.4 DIN LLCT00000467 03/05/2025 1 03/05/2025 Books
    Library of Congress Classification     Non-fiction Law Library (Christ Temple) Law Library (Christ Temple) General stacks 03/05/2025   KD2071.4 DIN LLCT00000468 03/05/2025 2 03/05/2025 Books
© 2023-2024 Copyright: Central University Libraries. All Rights Reserved | Created by: Mahone Tech Office